Budget Reconciliation Process : Timing of Legislative Action.

Provides an overview of the budget reconciliation process, an optional procedure under the Congressional Budget Act of 1974 that operates as an adjunct to the annual budget resolution process; and reviews timing of House and Senate legislative action on reconciliation measures.

Bibliographic Details
Corporate Authors: Library of Congress. Congressional Research Service, ProQuest (Firm)
Format: eBook
Language:English
Published: [Place of publication not identified] : [publisher not identified], 2006.
Series:U.S. Congressional Research.
Subjects:
Online Access:Connect to the full text of this electronic book

MARC

Tag First Indicator Second Indicator Subfields
LEADER 00000cam a22000001a 4500
001 in00003335513
006 m d f
007 cr bn mmmapmmp
008 101209s2006 dcu o f000 0 eng d
005 20260501135103.4
035 |a cis2007856552 
040 |a ProQuest  |c ProQuest  |d UtOrBLW 
043 |a n-us--- 
099 |a CRS-2006-GVF-0903 
110 2 |a Library of Congress.  |b Congressional Research Service. 
245 1 0 |a Budget Reconciliation Process :  |b Timing of Legislative Action. 
264 1 |a [Place of publication not identified] :  |b [publisher not identified],  |c 2006. 
300 |a 1 online resource. 
336 |a text  |b txt  |2 rdacontent 
337 |a computer  |b c  |2 rdamedia 
338 |a online resource  |b cr  |2 rdacarrier 
500 |a Record is based on bibliographic data in ProQuest U.S. Congressional Research Digital Collection (last viewed Dec. 2010). Reuse except for individual research requires license from ProQuest, LLC. 
500 |a CRS Report. 
520 |a Provides an overview of the budget reconciliation process, an optional procedure under the Congressional Budget Act of 1974 that operates as an adjunct to the annual budget resolution process; and reviews timing of House and Senate legislative action on reconciliation measures. 
500 |a Electronic resource. 
610 1 0 |a United States.  |b Congress.  |b House. 
610 1 0 |a United States.  |b Congress.  |b Senate. 
650 0 |a Budget  |z United States. 
655 7 |a Electronic books.  |2 local 
710 2 |a ProQuest (Firm) 
776 0 8 |i Microfiche version:   |a Library of Congress. Congressional Research Service.  |t Budget Reconciliation Process 
830 0 |a U.S. Congressional Research. 
856 4 0 |u http://proxy.library.tamu.edu/login?url=https://congressional.proquest.com/congcomp/getdoc?CRDC-ID=CRS-2006-GVF-0903  |z Connect to the full text of this electronic book  |t 0 
999 |a MARS 
999 f f |s 24230123-b4ca-385b-8481-7550a002438d  |i e1b02bd3-8b1c-37a6-9e45-98fa287eb5a4  |t 0 
952 f f |a Texas A&M University  |b College Station  |c Electronic Resources  |s www_evans  |d Available Online  |t 0  |e CRS-2006-GVF-0903  |h Other scheme 
998 f f |a CRS-2006-GVF-0903  |t 0  |l Available Online